| 000 | 01024cam a22002534a 4500 | ||
|---|---|---|---|
| 001 | 12408528 | ||
| 005 | 20241211162627.0 | ||
| 008 | 010515s2001 miub d 000 0 eng | ||
| 020 | _a0310233437 (alk. paper) | ||
| 050 | 0 | 0 |
_aBS425 _b.S8 2001b |
| 082 | 0 | 0 |
_a220.5/2033 _221 |
| 100 | 1 |
_aStrong, James, _d1822-1894. |
|
| 245 | 1 | 4 |
_aThe strongest Strong's exhaustive concordance of the Bible / _cJames Strong. |
| 250 |
_a21st century ed., fully rev. and corrected / _bby John R. Kohlenberger III and James A. Swanson. |
||
| 260 |
_aGrand Rapids, Mich. : _bZondervan, _cc2001. |
||
| 300 |
_axvi, 1742 p. : _bmaps ; _c29 cm. |
||
| 650 | 0 |
_aHebrew language _vDictionaries _xEnglish. |
|
| 650 | 0 |
_aGreek language, Biblical _vDictionaries _xEnglish. |
|
| 700 | 1 | _aKohlenberger, John R. | |
| 700 | 1 |
_aSwanson, James A., _d1952- |
|
| 700 | 1 |
_aStrong, James, _d1822-1894. _tExhaustive concordance of the Bible. |
|
| 856 | 4 | 2 |
_3Publisher description _uhttp://www.loc.gov/catdir/enhancements/fy0633/2001026577-d.html |
| 942 |
_2lcc _cBK _n0 |
||
| 999 |
_c2072 _d2072 |
||